| 000 | 01330cam a2200265 4500 | ||
|---|---|---|---|
| 001 | ##J113229 | ||
| 008 | 000000n2001 000 0 eng u | ||
| 035 | _a(Sirsi) u113229 | ||
| 100 | 1 | _aLand, Howard | |
| 245 | 0 | 0 |
_aProfessional indemnity insurance for chartered surveyors 2001 _h[sound recording] |
| 260 |
_aLondon _bRICS _c2001 |
||
| 300 |
_a1 _fsound cassette (60 min.) |
||
| 350 | _a14.10 | ||
| 490 | 0 | _aOwlion Audio Programme | |
| 520 | _aAn overview of the mandatory professional requirements of the RICS, the considerations by which the user should identify the needs, the sources and selection of insurance suppliers, the benefits of professional insurance, the penalties of non compliance and details of the advice and guidance available from the RICS Professional Standards and Consumer Protection Department. Produced at the request of and in cooperation with the RICS Professional Standards and Consumer Protection Department. | ||
| 520 | _aWithdrawn 1 October 2006. | ||
| 651 | 4 |
_aUnited Kingdom _y |
|
| 690 | _aMANAGEMENT-BUSINESS MANAGEMENT-INSURANCE-PROFESSIONAL INDEMNITY INSURANCE | ||
| 700 | 1 | _aFlaxman, Roger H. | |
| 700 | 1 | _aHastings, Emma | |
| 700 | 1 | _aLarkin, David | |
| 710 | 2 |
_aRoyal Institution of Chartered Surveyors _94900 |
|
| 710 | 2 |
_aCollege of Estate Management _9400 |
|
| 942 | _n0 | ||
| 999 |
_c85411 _d85411 |
||